000 00458ntaaa2200181 4500
003 01
005 20251027201834.0
008 0714s1973 ag 01
040 _aAR-BaBN
_bspa
_cAR-BaBN
_eaacr
_dRIC
082 _a244.1000 B25
100 _aBarnard, Floy
_916846
245 _aBible friends to know
250 _a1 ed.
260 _aNashville :
_bBroadman Press,
_cc1946
300 _a29 p
500 _aHistoria bíblica ilustrada para niños
942 _cBK
999 _c13077
_d13077